Les pokémon légendaires - Statistiques

Statistiques générales
  • Ce quiz a été pris 148 fois
    33 depuis la dernière actualisation
  • Le résultat moyen est 60 sur 167
Statistiques - réponses
Hint Réponse % Correct
Psy Mew
92%
Psy Mewtwo
88%
Glace/Vol Artikodin
79%
Feu/Vol Sulfura
79%
Psy/Vol Lugia
71%
Dragon/Vol Rayquaza
71%
Normal Regigigas
71%
Acier Registeel
71%
Eau Suicune
71%
Fée Xerneas mode paisible
71%
Electrik/Vol Electhor
67%
Feu Entei
67%
Psy/Spectre Lunala
67%
Eau/Dragon Palkia
67%
Feu/Dragon Reshiram
67%
Psy/Acier Solgaleo
67%
Ténèbres Yveltal
67%
Normal(multitype) Arceus
63%
Ténèbres Darkrai
63%
Acier/Dragon Dialga
63%
Sol Groudon
63%
Feu/Vol Ho-Oh
63%
Eau Kyogre
63%
Glace/Dragon Kyurem
63%
Psy Necrozma
63%
Glace Regice
63%
Roche Regirock
63%
Electrik/Dragon Zekrom
63%
Plante/Psy Celebi
58%
Psy Créfadet
58%
Psy Créfollet
58%
Psy Créhelf
58%
Spectre/Dragon Giratina
58%
Psy/Dragon Latias
58%
Psy/Dragon Latios
58%
Electrik Regieleki
58%
Plante Shaymin
58%
Psy Cresselia
54%
Electrik Raikou
54%
Fée Zacian Héros Aguerri
50%
Combat Zamazenta Héros Aguerri
50%
Psy/Vol Artikodin de Galar
46%
Psy Deoxys
46%
Combat/Vol Electhor de Galar
46%
Ténèbres/Dragon Engloutyran
46%
Feu/Acier Heatran
46%
Dragon Regidrago
46%
Ténèbres/Vol Sulfura de Galar
46%
Roche/Combat Terrakium
46%
Fée/Eau Tokopisco
46%
Plante/Combat Viridium
46%
Acier/Combat Cobaltium
42%
Psy Cosmog
42%
Roche/Fée Diancie
42%
Acier/Fée Magearna
42%
Eau Manaphy
42%
Normal(multitype) Silvallié
42%
Electrik/Fée Tokorico
42%
Plante/Fée Tokotoro
42%
Feu/Psy Victini
42%
Psy Cosmovum
38%
Poison/Dragon Ethernatos
38%
Acier/Psy Jirachi
38%
Glace/Dragon Kyurem Blanc
38%
Glace/Dragon Kyurem Noir
38%
Insecte/Combat Mouscoto
38%
Psy/Fée Tokopiyon
38%
Dragon/Psy Ultra Necrozma
38%
Eau/Feu Volcanion
38%
Acier/Vol Bamboiselle
33%
Acier/Insecte Genesect
33%
Acier/Plante Katagami
33%
Eau/Combat Keldeo
33%
Combat/Dragon Koraidon
33%
Electrik/Dragon Miraidon
33%
Eau Phione
33%
Feu/Sol Primo Groudon
33%
Eau Primo Kyogre
33%
Normal Type0
33%
Electrik Zeraora
33%
Sol/Dragon Zygarde 10%
33%
Sol/Dragon Zygarde 50%
33%
Sol/Dragon Zygarde forme Parfaite
33%
Roche/Acier Ama-Ama
29%
Insecte/Combat Cancrelove
29%
Electrik/Vol Fulguris Totémique
29%
Psy/Ténèbres Hoopa Déchaîné
29%
Combat/Spectre Marshadow
29%
Psy/Combat Méga Mewtwo X
29%
Psy Méga Mewtwo Y
29%
Dragon/Vol Méga Rayquaza
29%
Roche/Poison Zéroid
29%
Electrik Cablifère
25%
Sol/Vol Démétéros Avatar
25%
Sol/Vol Démétéros Totémique
25%
Electrik/Vol Fulguris Avatar
25%
Spectre/Dragon Giratina forme Originelle
25%
Psy/Spectre Hoopa Enchaîné
25%
Psy/Dragon Méga Latias
25%
Psy/Dragon Méga Latios
25%
Acier Melmetal
25%
Acier Meltan
25%
Feu/Spectre Pierroteknik
25%
Eau/Dragon Serpente-Eau
25%
Psy/Plante Sylveroy
25%
Poison/Dragon Vémini
25%
Plante/Psy Vert de Fer
25%
Combat Wushours
25%
Feu/Ténèbres Yuyu
25%
Plante/Ténèbres Zarude
25%
Fée/Vol Amovénus Totémique
21%
Glace Blizzeval
21%
Vol Boréas Avatar
21%
Vol Boréas Totémique
21%
Psy Deoxys Attaque
21%
Psy Deoxys Défense
21%
Psy Deoxys Vitesse
21%
Acier/Dragon Dialga forme Originelle
21%
Poison/Fée Favianos
21%
Feu/Dragon Feu-Perçant
21%
Electrik/Dragon Ire-Foudre
21%
Eau/Combat Keldeo aspect Décidé
21%
Dragon/Poison Mandrillon
21%
Roche/Fée Méga Diancie
21%
Feu/Acier Méga Heatran
21%
Acier/Fée Méga Magearna
21%
Psy/Spectre Necrozma Ailes de l'Aurore
21%
Psy/Acier Necrozma Crinière du Couchant
21%
Eau/Dragon Palkia forme Originelle
21%
Poison/Spectre Pêchaminus
21%
Roche/Psy Roc de Fer
21%
Spectre Spectreval
21%
Normal Térapagos
21%
Fée/Vol Amovénus Avatar
17%
Acier/Psy Chef de Fer
17%
Ténèbres/Plante Chongjian
17%
Sol/Ténèbres Dinglu
17%
Dragon/Poison Ethernatos Infinimax
17%
Poison/Combat Félicanis
17%
Poison/Psy Fortusimia
17%
Acier/Insecte Genesect Module Aqua
17%
Acier/Insecte Genesect Module Choc
17%
Acier/Insecte Genesect Module Cryo
17%
Acier/Insecte Genesect Module Pyro
17%
Ténèbres Méga Darkrai
17%
Normal/Psy Meloetta forme Chant
17%
Normal/Combat Meloetta forme Danse
17%
Plante/Vol Shaymin forme Céleste
17%
Spectre/Psy Sylveroy Cavalier de l'Effroi
17%
Glace/Psy Sylveroy Cavalier du Froid
17%
Fée/Acier Zacian Epée Suprême
17%
Combat/Acier Zamazenta Bouclier Suprême
17%
Plante/Ténèbres Zarude forme papa
17%
Ténèbres/Glace Bao-Jian
13%
Acier/Fée Magearna Couleur du Passé
13%
Electrik Méga Zeraora
13%
Plante/Roche Ogerpon Masque de la Pierre
13%
Plante/Feu Ogerpon Masque du Fourneau
13%
Plante/Eau Ogerpon Masque du Puits
13%
Plante Ogerpon Masque Turquoise
13%
Feu/Dragon Reshiram mode Overdrive
13%
Eau/Combat Shifours Mille Poings
13%
Combat/Ténèbres Shifours Poing Final
13%
Normal Térapagos forme Téracristal
13%
Fée Xerneas mode déchaîné
13%
Electrik/Dragon Zekrom mode Overdrive
13%
Normal Térapagos forme Stellaire
8%
Aucun quiz correspondant
Distribution des résultats
% des personnes avec chaque résultat
Percentile par nombre de réponses
Votre historique - résultats
Vous n’avez pas pris ce quiz depuis la dernière actualisation